Stany Indii - Statystyki

Ogólne statystyki
  • Ten quiz został rozwiązany 13 razy
  • Średni wynik to 4 z 15
Statystyki odpowiedzi
Ranking Stany % Poprawnych
9 Radżastan
77%
5 Goa
54%
1 Tamil Nadu
46%
15 Bengal Zachodni
38%
2 Kerala
38%
3 Karnataka
23%
13 Manipur
23%
4 Andhra Pradeś
15%
6 Maharashtra
15%
11 Dżammu i Kaszmir
8%
8 Madhya Pradeś
8%
7 Orissa
8%
12 Assan
0%
10 Bombaj
0%
14 Pendżap
0%
Nie znaleziono quizów pasujących do podanych kryteriów
Rozkład punktacji
Procent ludzi z każdym wynikiem
Percentyl według liczby udzielonych odpowiedzi
Twoja historia wyników
Nie rozwiązałeś tego quizu